000 00560nam a2200193Ia 4500
005 20250507130140.0
008 008 250505s9999 xx 000 0 eng d
037 _aDIS
040 _aEASL
_beng
_cEASL
041 _aeng
_2eng
084 _a0000093, KAK
_qEASL
100 _aKakar Ritu
_9645041
245 0 _aWomen education in China 1949-1979 V.C. Bhutani
260 _aIndia
_bDelhi University. Social Sciences. Chinese & Japanese
_c1995
300 _a89p.
650 _aDiss
942 _cDIS
_h0000093, KAK
999 _c1317984
_d1317984